000 00943nam2a22002411 4500
001 rc\175627
005 20250621061702.0
035 _a(NLR Aleph) 005617275
090 _a6465315
_c6465315
100 _a20030307d1992 |||y0rusy50 ca
101 0 _arus
102 _aRU
105 _aa |||||||||
200 1 _aПланиметрия
_fО.С. Игудисман
210 _d1992
_aБ. м.
215 _a64с.
_cил.
461 0 _1001rc\175626
_12001#$aПособие по подготовке к устному экзамену по математике$fКооп. "Моск. Лицей"$vЧ. 4
_96465309
_cМ.
_d1992-
_fКооп. "Моск. Лицей"
_nМоск. Лицей
_tПособие по подготовке к устному экзамену по математике
_vЧ. 4
701 1 _aИгудисман
_bО.С.
801 0 _aRU
_bNLR
_gpsbo
801 1 _aRU
_bELAR
_2rusmarc
852 _aNLR
_j92-4/2917
942 _cBOOK
980 _aNB